Großstädte in Deutschland - Statistiken

Allgemein
  • Dieses Quiz wurde 251 mal gespielt
    140 seit der letzten Aktualisierung
  • Das Durchschnittsergebnis liegt bei 61 aus 79
Antwortstatistiken
Einwohnerzahl Bundesland Großstadt % Korrekt
1 3.662.381 Berlin Berlin
99%
5 749.596 Hessen Frankfurt am Main
99%
2 1.851.596 Hamburg Hamburg
99%
3 1.488.719 Bayern München
99%
10 584.332 Bremen Bremen
98%
4 1.024.408 Nordrhein-Westfalen Köln
98%
8 608.013 Sachsen Leipzig
98%
7 613.111 Baden-Württemberg Stuttgart
98%
12 563.019 Sachsen Dresden
97%
6 616.319 Nordrhein-Westfalen Düsseldorf
97%
14 520.290 Niedersachsen Hannover
94%
13 526.606 Bayern Nürnberg
94%
23 298.972 Bayern Augsburg
92%
9 601.343 Nordrhein-Westfalen Dortmund
92%
29 251.751 Schleswig-Holstein Kiel
92%
43 181.982 Saarland Saarbrücken
92%
35 223.871 Rheinland-Pfalz Mainz
90%
11 574.082 Nordrhein-Westfalen Essen
89%
15 503.185 Nordrhein-Westfalen Duisburg
88%
26 267.284 Nordrhein-Westfalen Gelsenkirchen
87%
19 321.680 Nordrhein-Westfalen Bonn
86%
36 219.549 Thüringen Erfurt
86%
20 316.256 Baden-Württemberg Mannheim
86%
42 184.290 Brandenburg Potsdam
86%
24 287.241 Hessen Wiesbaden
86%
18 331.519 Nordrhein-Westfalen Bielefeld
85%
39 204.948 Mecklenburg-Vorpommern Rostock
85%
17 357.024 Nordrhein-Westfalen Bochum
84%
21 308.197 Baden-Württemberg Karlsruhe
84%
31 242.491 Sachsen-Anhalt Magdeburg
84%
30 245.250 Sachsen Chemnitz
83%
27 263.772 Nordrhein-Westfalen Aachen
82%
40 197.065 Hessen Kassel
82%
32 236.236 Baden-Württemberg Freiburg im Breisgau
81%
34 227.639 Sachsen-Anhalt Halle (Saale)
81%
48 167.850 Nordrhein-Westfalen Leverkusen
80%
22 307.071 Nordrhein-Westfalen Münster
80%
64 128.998 Baden-Württemberg Ulm
80%
37 217.061 Schleswig-Holstein Lübeck
79%
63 129.347 Niedersachsen Wolfsburg
79%
16 358.592 Nordrhein-Westfalen Wuppertal
79%
68 118.323 Bremen Bremerhaven
77%
74 110.076 Thüringen Jena
77%
50 165.686 Niedersachsen Osnabrück
77%
60 131.759 Bayern Würzburg
77%
28 253.527 Niedersachsen Braunschweig
76%
57 139.536 Bayern Ingolstadt
76%
51 164.832 Hessen Darmstadt
75%
54 155.175 Baden-Württemberg Heidelberg
75%
25 267.667 Nordrhein-Westfalen Mönchengladbach
75%
79 100.338 Rheinland-Pfalz Kaiserslautern
74%
72 113.346 Rheinland-Pfalz Koblenz
74%
56 147.509 Bayern Regensburg
74%
52 156.887 Nordrhein-Westfalen Paderborn
73%
61 131.712 Bayern Fürth
71%
76 103.986 Rheinland-Pfalz Trier
71%
45 176.242 Niedersachsen Oldenburg (Oldb)
70%
65 126.968 Niedersachsen Göttingen
69%
59 131.845 Hessen Offenbach am Main
69%
38 213.510 Nordrhein-Westfalen Oberhausen
67%
46 175.816 Rheinland-Pfalz Ludwigshafen am Rhein
63%
44 179.380 Nordrhein-Westfalen Hamm
62%
33 230.393 Nordrhein-Westfalen Krefeld
60%
70 115.314 Bayern Erlangen
58%
41 190.640 Nordrhein-Westfalen Hagen
57%
49 166.078 Nordrhein-Westfalen Solingen
57%
77 102.440 Nordrhein-Westfalen Siegen
55%
62 131.653 Baden-Württemberg Heilbronn
54%
69 115.396 Nordrhein-Westfalen Recklinghausen
54%
66 118.912 Nordrhein-Westfalen Bottrop
53%
53 156.154 Nordrhein-Westfalen Herne
53%
58 135.087 Baden-Württemberg Pforzheim
53%
67 118.770 Baden-Württemberg Reutlingen
53%
47 172.887 Nordrhein-Westfalen Mülheim an der Ruhr
52%
73 111.003 Nordrhein-Westfalen Bergisch Gladbach
51%
55 154.712 Nordrhein-Westfalen Neuss
49%
71 114.061 Nordrhein-Westfalen Remscheid
47%
75 105.056 Niedersachsen Salzgitter
47%
78 101.601 Nordrhein-Westfalen Moers
44%
Keine übereinstimmenden Quizze gefunden
Verteilung der Resultate
Anzahl Personen mit jedem Resultat
Perzentil nach korrekt beantworteten Fragen
Ihre Resultats-Entwicklung
Sie haben dieses Quiz seit der letzten Aktualisierung nicht gespielt